000 01125cam a2200217 4500
001 WB3810-09
008 020314n2002 000 0 eng u
035 _a(Sirsi) u117137
245 _aUK leadership in high-tech manufacturing
260 _c2002
490 _aDTI Press Release
_v(P/2002/160) 13 March 2002, (3)
520 _aThe latest set of UK Competiveness Indicators from the DTI shows UK leadership in high-tech manufacturing exports including the knowledge based industries of aerospace, pharmaceuticals and telecoms. The Competiveness Indicators benchmark the UK's position against key international competitors in terms of innovation, skills, enterprise, investment and competition. The indicators are available at http://www.dti.gov.uk/opportunityforall. DTI Press Release at http://www.nds.coi.gov.uk/coi/coipress.nsf/2b45e1e3ffe090ac802567350059d840/40ac2680d2ba523880256b7b0058a608?OpenDocument
590 _aWB
650 _aHIGH TECH INDUSTRIES
650 _aMANUFACTURING
650 _aCOMPETITION
650 _aBENCHMARKING
650 _aEXPORTS
690 _aECONOMIC ISSUES
942 _n0
999 _c69791
_d69791